Signes astrologiques/zodiaque selon les dates - Statistiques

Statistiques générales
  • Ce quiz a été pris 244 fois
  • Le résultat moyen est 11 sur 12
Statistiques - réponses
Dates Signes % Correct
21 mars au 20 avril Bélier
93%
23 juillet au 22 août Lion
91%
20 février au 20 mars Poisson
91%
22 juin au 22 juillet Cancer
90%
21 avril au 21 mai Taureau
90%
22 mai au 21 juin Gémeaux
88%
23 octobre au 22 novembre Scorpion
88%
23 août au 22 septembre Vierge
88%
23 septembre au 22 octobre Balance
87%
22 décembre au 20 janvier Capricorne
87%
23 novembre au 21 décembre Sagittaire
84%
21 janvier au 19 février Verseau
80%
Aucun quiz correspondant
Distribution des résultats
% des personnes avec chaque résultat
Percentile par nombre de réponses
Votre historique - résultats
Vous n’avez pas pris ce quiz